[Event "11. Europa ch 2010 Femenino"]
[Site "Rijeka CRO"]
[Date "2010.03.10"]
[Round "5.23"]
[White "Purtseladze, Maka"]
[Black "Peng, Zhaoqin"]
[Result "1/2-1/2"]
[WhiteElo "2299"]
[BlackElo "2401"]
[PlyCount "147"]
[EventDate "2010.03.06"]
[EventType "swiss"]
[EventRounds "11"]
[EventCountry "CRO"]
[Source "lmi"]
[SourceDate "2010.03.06"]

1. d4 d5 2. c4 dxc4 3. e3 e5 4. Bxc4 exd4 5. exd4 Bd6 6. Nf3 Nf6 7. O-O O-O 8.
Bg5 h6 9. Bh4 Nc6 10. Nbd2 g5 11. Bg3 Bxg3 12. fxg3 Nxd4 13. Nb3 Nxb3 14. Qxb3
c6 15. Rad1 Qe7 16. Rde1 Qc5+ 17. Kh1 Nd5 18. Re5 Qd6 19. Bxd5 cxd5 20. Rxd5
Qa6 21. Qb5 Qxb5 22. Rxb5 b6 23. Re1 Be6 24. a4 Rfd8 25. h3 Rac8 26. a5 Rc5 27.
Rxc5 bxc5 28. Re5 Rd1+ 29. Kh2 Rc1 30. Nd2 Kf8 31. g4 Rc2 32. Ne4 Re2 33. Kg3
c4 34. Kf3 Rxb2 35. Rc5 a6 36. Rc7 Rb3+ 37. Kf2 Rb5 38. Nc5 Bd5 39. Nxa6 Rxa5
40. Nb4 Be6 41. Ke3 Kg7 42. Nc2 Re5+ 43. Kd4 Rd5+ 44. Ke4 Rd2 45. Nd4 Kf6 46.
Nxe6 fxe6 47. Rxc4 Rxg2 48. Rc3 Rf2 49. Ke3 Rf1 50. Ra3 Rc1 51. Ke4 Rc4+ 52.
Ke3 Ke5 53. Ra5+ Kd6 54. Ra3 Kd5 55. Ra5+ Rc5 56. Ra3 Ke5 57. Rd3 Rc1 58. Kf3
Rf1+ 59. Ke2 Rh1 60. Re3+ Kd5 61. Rd3+ Kc5 62. Rc3+ Kd4 63. Rd3+ Kc4 64. Rd6
Rxh3 65. Rxe6 Kd5 66. Re8 Rg3 67. Rh8 Ke4 68. Rxh6 Kf4 69. Kf2 Kxg4 70. Rg6 Ra3
71. Kg2 Ra2+ 72. Kg1 Kh4 73. Rb6 g4 74. Rb3 1/2-1/2

[Event "11. Europa ch 2010 Femenino"]
[Site "Rijeka CRO"]
[Date "2010.03.10"]
[Round "5.26"]
[White "Majdan, Joanna"]
[Black "Sikorova, Olga"]
[Result "0-1"]
[WhiteElo "2364"]
[BlackElo "2256"]
[PlyCount "90"]
[EventDate "2010.03.06"]
[EventType "swiss"]
[EventRounds "11"]
[EventCountry "CRO"]
[Source "lmi"]
[SourceDate "2010.03.06"]

1. e4 e6 2. d4 d5 3. Nc3 Bb4 4. e5 c5 5. Bd2 Ne7 6. Nb5 Bxd2+ 7. Qxd2 O-O 8. f4
cxd4 9. Nf3 Nbc6 10. O-O-O Nf5 11. Nbxd4 Nfxd4 12. Nxd4 Nxd4 13. Qxd4 Qa5 14.
Kb1 Bd7 15. Be2 Rac8 16. Rhf1 Bb5 17. Bxb5 Qxb5 18. f5 Rc4 19. Qf2 Qc5 20. Qf3
Re4 21. f6 g6 22. Rde1 Rc8 23. Qd1 Rc4 24. Re2 b5 25. Qc1 a5 26. Rf3 b4 27. b3
Rh4 28. g3 Rd4 29. h4 h5 30. Rf4 Rxf4 31. gxf4 Kh7 32. Re3 Qd4 33. Rd3 Qf2 34.
Qd2 Qxh4 35. Kb2 Qh1 36. Re3 Qf1 37. Re2 Qf3 38. a3 Qc3+ 39. Ka2 Qxd2 40. Rxd2
g5 41. fxg5 Kg6 42. axb4 axb4 43. Kb2 h4 44. Rg2 h3 45. Rg4 Rh8 0-1

[Event "11. Europa ch 2010 Femenino"]
[Site "Rijeka CRO"]
[Date "2010.03.10"]
[Round "5.27"]
[White "Papp, Petra"]
[Black "Nikolova, Adriana"]
[Result "1-0"]
[WhiteElo "2263"]
[BlackElo "2348"]
[PlyCount "66"]
[EventDate "2010.03.06"]
[EventType "swiss"]
[EventRounds "11"]
[EventCountry "CRO"]
[Source "lmi"]
[SourceDate "2010.03.06"]

1. e4 c5 2. Nf3 Nc6 3. d4 cxd4 4. Nxd4 Nf6 5. Nc3 d6 6. Bg5 Bd7 7. Qd2 Rc8 8.
f4 h6 9. Bxf6 gxf6 10. Nf5 Bxf5 11. exf5 Qa5 12. Bd3 a6 13. O-O-O h5 14. Kb1
Bh6 15. g3 Kf8 16. Rhf1 Nb4 17. a3 Nd5 18. Nxd5 Qxd5 19. Qe2 Qc5 20. Qxh5 e5
21. Qe2 Re8 22. Qf2 Qc6 23. Qf3 Qc5 24. Be4 a5 25. Bd5 Rc8 26. Qd3 Bg7 27. h4
Rh5 28. Rh1 Rh8 29. Ba2 a4 30. c3 Bh6 31. Qd5 Qxd5 32. Rxd5 Rg8 33. Rh3 Re8 1-0

[Event "11. Europa ch 2010 Femenino"]
[Site "Rijeka CRO"]
[Date "2010.03.10"]
[Round "5.28"]
[White "Charkhalashvili, Inga"]
[Black "Mamedjarova, Turkan"]
[Result "1-0"]
[WhiteElo "2338"]
[BlackElo "2269"]
[PlyCount "67"]
[EventDate "2010.03.06"]
[EventType "swiss"]
[EventRounds "11"]
[EventCountry "CRO"]
[Source "lmi"]
[SourceDate "2010.03.06"]

1. d4 f5 2. Bg5 Nf6 3. Bxf6 exf6 4. e3 d5 5. c4 Bb4+ 6. Nc3 O-O 7. Qb3 Bxc3+ 8.
Qxc3 Kh8 9. cxd5 Qxd5 10. Ne2 Nc6 11. Nf4 Qd6 12. Bc4 Ne7 13. O-O g5 14. Ne2 c6
15. Rfd1 Be6 16. Bxe6 Qxe6 17. Qb3 Qd7 18. Rac1 Rg8 19. Nc3 f4 20. e4 f3 21.
Na4 fxg2 22. Nc5 Qe8 23. Qe6 Kg7 24. Nxb7 Ng6 25. Rxc6 Qxe6 26. Rxe6 Nf4 27.
Re7+ Kg6 28. Nc5 Rge8 29. f3 f5 30. Nd3 Ne2+ 31. Kxg2 Nxd4 32. Nf2 Ne6 33. Rc1
g4 34. Rc6 1-0

[Event "11. Europa ch 2010 Femenino"]
[Site "Rijeka CRO"]
[Date "2010.03.10"]
[Round "5.30"]
[White "Paikidze, Nazi"]
[Black "Kouvatsou, Maria"]
[Result "1/2-1/2"]
[WhiteElo "2322"]
[BlackElo "2161"]
[PlyCount "66"]
[EventDate "2010.03.06"]
[EventType "swiss"]
[EventRounds "11"]
[EventCountry "CRO"]
[Source "lmi"]
[SourceDate "2010.03.06"]

1. d4 d5 2. c4 dxc4 3. Nf3 Nf6 4. e3 e6 5. Bxc4 c5 6. O-O a6 7. e4 Nxe4 8. d5
b5 9. dxe6 fxe6 10. Qe2 Nf6 11. Bxe6 Qe7 12. Re1 Bxe6 13. Qxe6 Qxe6 14. Rxe6+
Kd7 15. Re1 Bd6 16. Ne5+ Bxe5 17. Rxe5 Re8 18. Rxe8 Kxe8 19. a4 b4 20. Nd2 Nc6
21. Nc4 Nd4 22. Be3 Rd8 23. Kf1 Ng4 24. Bf4 Nc2 25. Rc1 Rd4 26. Rxc2 Rxf4 27.
g3 Rd4 28. Ke2 Ke7 29. h3 Nf6 30. Ne3 g6 31. Rxc5 Ne4 32. Rc4 Rxc4 33. Nxc4 Nc5
1/2-1/2

[Event "11. Europa ch 2010 Femenino"]
[Site "Rijeka CRO"]
[Date "2010.03.10"]
[Round "5.31"]
[White "Mrvova, Alena"]
[Black "Zimina, Olga"]
[Result "1-0"]
[WhiteElo "2239"]
[BlackElo "2319"]
[PlyCount "81"]
[EventDate "2010.03.06"]
[EventType "swiss"]
[EventRounds "11"]
[EventCountry "CRO"]
[Source "lmi"]
[SourceDate "2010.03.06"]

1. e4 e5 2. Nf3 Nc6 3. Bb5 a6 4. Ba4 Nf6 5. O-O b5 6. Bb3 Bc5 7. c3 d6 8. d4
Bb6 9. h3 Bb7 10. Re1 O-O 11. Be3 exd4 12. cxd4 Na5 13. d5 Re8 14. Bxb6 cxb6
15. Bc2 Rc8 16. b3 Nd7 17. Nd4 Qf6 18. Re3 Ne5 19. Nc3 Rc7 20. Nce2 g5 21. Rg3
Ng6 22. Rb1 Kh8 23. Qd2 h6 24. Nf5 Ne7 25. Ne3 Bc8 26. Nd4 Nb7 27. a4 Bd7 28.
axb5 axb5 29. b4 Ra8 30. Bd1 Ng6 31. Bg4 Nf4 32. Bxd7 Rxd7 33. Ng4 Qg6 34. Nf5
Nh5 35. Rf3 Rc8 36. Rc1 Re8 37. Qd4+ Kh7 38. Ng3 Nc5 39. Nxh5 Nb3 40. Nhf6+ Kh8
41. Qb2 1-0

[Event "11. Europa ch 2010 Femenino"]
[Site "Rijeka CRO"]
[Date "2010.03.10"]
[Round "5.32"]
[White "Ivakhinova, Inna"]
[Black "Mkrtchian, Lilit"]
[Result "0-1"]
[WhiteElo "2218"]
[BlackElo "2503"]
[PlyCount "120"]
[EventDate "2010.03.06"]
[EventType "swiss"]
[EventRounds "11"]
[EventCountry "CRO"]
[Source "lmi"]
[SourceDate "2010.03.06"]

1. Nf3 d5 2. d4 e6 3. c4 Nf6 4. Nc3 Bb4 5. cxd5 exd5 6. Bg5 Nbd7 7. Qc2 c5 8.
dxc5 Qa5 9. Bd2 Qxc5 10. a3 Bxc3 11. Qxc3 b6 12. e3 O-O 13. Rc1 a5 14. Qd4 Qd6
15. Bc3 Nc5 16. Qd1 Nfe4 17. Be2 Qg6 18. O-O Bh3 19. Ne1 Be6 20. Bd4 Rfc8 21.
Nd3 Nxd3 22. Qxd3 Bf5 23. Qd1 Rxc1 24. Qxc1 Rc8 25. Qd1 h6 26. Kh1 Qc6 27. Ba6
Ra8 28. Bd3 Rc8 29. Kg1 b5 30. h3 Qg6 31. Bxe4 dxe4 32. Kh1 Be6 33. Kh2 a4 34.
Re1 Qf5 35. Re2 h5 36. Bc3 f6 37. Qd4 Rc5 38. Qd8+ Kh7 39. Qd1 Qg6 40. Re1 Rd5
41. Qe2 Rg5 42. Kg1 Qf5 43. Qd2 Bc4 44. Bb4 Qe5 45. Kh1 Rf5 46. Bd6 Qe6 47. Bg3
Rd5 48. Qc1 Bb3 49. Qc3 Qf5 50. Rc1 Qg5 51. Bf4 Qf5 52. Bg3 Bc4 53. Kh2 Qd7 54.
Kg1 Rd2 55. Bc7 h4 56. Ba5 Rd5 57. Kh1 Qf5 58. Qe1 g5 59. Qb4 Rd7 60. Qe1 g4
0-1

[Event "11. Europa ch 2010 Femenino"]
[Site "Rijeka CRO"]
[Date "2010.03.10"]
[Round "5.33"]
[White "Sandu, Mihaela"]
[Black "Khotenashvili, Bela"]
[Result "0-1"]
[WhiteElo "2278"]
[BlackElo "2448"]
[PlyCount "81"]
[EventDate "2010.03.06"]
[EventType "swiss"]
[EventRounds "11"]
[EventCountry "CRO"]
[Source "lmi"]
[SourceDate "2010.03.06"]

1. e4 c6 2. c4 d5 3. exd5 cxd5 4. cxd5 Nf6 5. Nf3 Nxd5 6. Nc3 Nxc3 7. bxc3 g6
8. d4 Bg7 9. Bd3 O-O 10. O-O Nc6 11. Re1 b6 12. Bg5 Re8 13. Qd2 Bb7 14. Qf4 Qd7
15. Re3 Rac8 16. Rae1 e6 17. h4 Rb8 18. Bh6 Qe7 19. Ne5 Nxe5 20. dxe5 f5 21.
Bc2 Bxh6 22. Qxh6 Bd5 23. Bb3 Rbd8 24. h5 Qg7 25. Qg5 gxh5 26. Rg3 Qxg5 27.
Rxg5+ Kf8 28. Rxh5 Kg8 29. Bxd5 Rxd5 30. Rh4 Rc8 31. Re3 Rcc5 32. Reh3 Rc7 33.
f4 Rg7 34. Rh6 Rd2 35. Rxe6 Rgxg2+ 36. Kf1 Rdf2+ 37. Ke1 Re2+ 38. Kf1 Ref2+ 39.
Ke1 Rxa2 40. Kf1 Rgf2+ 41. Ke1 0-1

[Event "11. Europa ch 2010 Femenino"]
[Site "Rijeka CRO"]
[Date "2010.03.10"]
[Round "5.34"]
[White "Toma, Katarzyna"]
[Black "Foisor, Cristina Adela B"]
[Result "0-1"]
[WhiteElo "2259"]
[BlackElo "2433"]
[PlyCount "170"]
[EventDate "2010.03.06"]
[EventType "swiss"]
[EventRounds "11"]
[EventCountry "CRO"]
[Source "lmi"]
[SourceDate "2010.03.06"]

1. e4 c6 2. d4 g6 3. Nf3 Bg7 4. c3 d6 5. a4 Nf6 6. Bd3 O-O 7. O-O b6 8. h3 Ba6
9. Re1 Bxd3 10. Qxd3 Nbd7 11. Nbd2 Qc7 12. Nf1 c5 13. e5 c4 14. Qe2 dxe5 15.
dxe5 Nd5 16. e6 Nc5 17. exf7+ Rxf7 18. Qxc4 e6 19. Ng5 Rd7 20. Ng3 Re8 21. N3e4
Nb7 22. Qe2 Nd8 23. Bd2 Qc6 24. c4 Nc7 25. Bc3 e5 26. b3 Nde6 27. Qf3 Nxg5 28.
Nxg5 Qxf3 29. Nxf3 e4 30. Bxg7 exf3 31. Bh6 Rxe1+ 32. Rxe1 fxg2 33. Kxg2 Kf7
34. Re3 Ne6 35. h4 Nc5 36. Rf3+ Ke6 37. Bc1 Nd3 38. Re3+ Kf5 39. Ba3 h5 40. Be7
Ne5 41. Bg5 Rd1 42. Rc3 Nd3 43. a5 Ke4 44. axb6 axb6 45. Be3 Ne1+ 46. Kg3 Nf3
47. Rc1 Rxc1 48. Bxc1 Nd4 49. Bg5 Nxb3 50. Bd8 Nd2 51. Bxb6 Nxc4 52. Bd8 Nd6
53. f3+ Kf5 54. Bg5 Nb5 55. Be3 Nc3 56. Bd2 Nd5 57. Bg5 Ke5 58. Kf2 Kd4 59. Ke2
Ke5 60. Kd3 Nc7 61. Ke2 Ne6 62. Bd2 Nd4+ 63. Kf2 Nf5 64. Bg5 Kd4 65. Ke2 Kc3
66. Bf6+ Kc2 67. Bg5 Kc3 68. Bf6+ Kc4 69. Bg5 Ng7 70. Kf2 Kd3 71. Bh6 Nf5 72.
Bg5 Nd4 73. Kg3 Ke2 74. Kf4 Nf5 75. Ke5 Kxf3 76. Kf6 Kg4 77. Kxg6 Nxh4+ 78. Kf6
Nf3 79. Be3 h4 80. Bb6 h3 81. Bc7 Nd2 82. Bh2 Nf1 83. Bg1 Kf3 84. Kg5 Kg2 85.
Kg4 Nd2 0-1

[Event "11. Europa ch 2010 Femenino"]
[Site "Rijeka CRO"]
[Date "2010.03.10"]
[Round "5.35"]
[White "Lomako, Anna"]
[Black "Vasilevich, Tatjana"]
[Result "1/2-1/2"]
[WhiteElo "2258"]
[BlackElo "2414"]
[PlyCount "65"]
[EventDate "2010.03.06"]
[EventType "swiss"]
[EventRounds "11"]
[EventCountry "CRO"]
[Source "lmi"]
[SourceDate "2010.03.06"]

1. e4 c5 2. Nc3 e6 3. Nf3 a6 4. d4 cxd4 5. Nxd4 Qc7 6. g3 Nf6 7. Bg2 Bb4 8. O-O
Bxc3 9. bxc3 d6 10. Ba3 Nbd7 11. Nb3 Ke7 12. f4 e5 13. Qd2 Ne8 14. Bh3 exf4 15.
gxf4 Nb6 16. Bxc8 Nc4 17. Qe2 Nxa3 18. e5 dxe5 19. Bg4 Nf6 20. fxe5 Qb6+ 21.
Nd4 Nxg4 22. Qxg4 Qg6 23. Nf5+ Ke6 24. Nxg7+ Ke7 25. Nf5+ Ke6 26. Nd4+ Ke7 27.
Nf5+ Ke6 28. Nd4+ Ke7 29. Qxg6 hxg6 30. e6 f5 31. Rf3 Nb5 32. Rb1 Nxd4 33. cxd4
1/2-1/2

[Event "11. Europa ch 2010 Femenino"]
[Site "Rijeka CRO"]
[Date "2010.03.10"]
[Round "5.36"]
[White "Milliet, Sophie"]
[Black "Tarasova, Viktoriya"]
[Result "1-0"]
[WhiteElo "2391"]
[BlackElo "2261"]
[PlyCount "77"]
[EventDate "2010.03.06"]
[EventType "swiss"]
[EventRounds "11"]
[EventCountry "CRO"]
[Source "lmi"]
[SourceDate "2010.03.06"]

1. e4 e5 2. Nf3 Nc6 3. Bc4 Bc5 4. c3 Nf6 5. d3 d6 6. Nbd2 a6 7. Bb3 O-O 8. h3
Be6 9. Nf1 Bxb3 10. axb3 d5 11. Qe2 h6 12. b4 Bb6 13. Ng3 Qd7 14. O-O dxe4 15.
dxe4 Rad8 16. Re1 Qd3 17. Qxd3 Rxd3 18. Kf1 Rfd8 19. Ke2 R3d7 20. Nd2 Ne8 21.
Nc4 Nd6 22. Nxb6 cxb6 23. f3 a5 24. bxa5 Nxa5 25. Rd1 Nb3 26. Ra3 Nxc1+ 27.
Rxc1 Nc4 28. Rb3 Rd6 29. Rb4 Rc6 30. Rd1 Rxd1 31. Kxd1 Kf8 32. Kc2 Ke7 33. Kd3
Nd6 34. c4 b5 35. cxb5 Rc1 36. Ke3 Rg1 37. Rb3 Kd7 38. Rc3 Re1+ 39. Kd3 1-0

[Event "11. Europa ch 2010 Femenino"]
[Site "Rijeka CRO"]
[Date "2010.03.10"]
[Round "5.37"]
[White "Haast, Anne"]
[Black "Lomineishvili, Maia"]
[Result "1/2-1/2"]
[WhiteElo "2235"]
[BlackElo "2385"]
[PlyCount "83"]
[EventDate "2010.03.06"]
[EventType "swiss"]
[EventRounds "11"]
[EventCountry "CRO"]
[Source "lmi"]
[SourceDate "2010.03.06"]

1. e4 c5 2. Nf3 Nc6 3. d4 cxd4 4. Nxd4 Nf6 5. Nc3 d6 6. Bg5 e6 7. Qd2 Qb6 8.
Bxf6 gxf6 9. Nb3 Bd7 10. O-O-O O-O-O 11. f4 Rg8 12. Bc4 Kb8 13. Rhf1 a6 14. Rf3
Rc8 15. Bf1 Na5 16. Nxa5 Qxa5 17. Kb1 Be7 18. Qe1 Rc7 19. Rfd3 Rgc8 20. a3 f5
21. exf5 Qxf5 22. g3 Bf6 23. Ne4 Rxc2 24. Nxf6 Qxf6 25. Qb4 Ba4 26. Rd4 Bb5 27.
Bxb5 axb5 28. Qxd6+ Ka7 29. a4 Qf5 30. R1d3 R2c6 31. Qb4 bxa4 32. g4 Qxg4 33.
Rd7 Qg1+ 34. Ka2 Qb6 35. Qxa4+ Qa6 36. Ra3 Qxa4 37. Rxa4+ Kb8 38. Rxf7 Rb6 39.
Kb1 Rg8 40. Rc4 h5 41. f5 exf5 42. Rxf5 1/2-1/2

[Event "11. Europa ch 2010 Femenino"]
[Site "Rijeka CRO"]
[Date "2010.03.10"]
[Round "5.39"]
[White "Molchanova, Tatjana"]
[Black "Fakhiridou, Ekaterini"]
[Result "1-0"]
[WhiteElo "2369"]
[BlackElo "2252"]
[PlyCount "45"]
[EventDate "2010.03.06"]
[EventType "swiss"]
[EventRounds "11"]
[EventCountry "CRO"]
[Source "lmi"]
[SourceDate "2010.03.06"]

1. Nf3 Nf6 2. d4 d5 3. c4 e6 4. e3 Be7 5. b3 O-O 6. Bd3 Nbd7 7. Nc3 c6 8. O-O
Re8 9. Bb2 b6 10. Qc2 Bb7 11. Ne5 Nf8 12. Rad1 N6d7 13. Ne2 Rc8 14. Nf4 Bg5 15.
Qe2 Nxe5 16. dxe5 g6 17. Qg4 Bh6 18. Nh5 Nd7 19. f4 c5 20. cxd5 Bxd5 21. Bb5
Rc7 22. Bxd7 f5 23. Nf6+ 1-0

[Event "11. Europa ch 2010 Femenino"]
[Site "Rijeka CRO"]
[Date "2010.03.10"]
[Round "5.40"]
[White "Dworakowska, Joanna"]
[Black "Franciskovic, Borka"]
[Result "0-1"]
[WhiteElo "2356"]
[BlackElo "2245"]
[PlyCount "78"]
[EventDate "2010.03.06"]
[EventType "swiss"]
[EventRounds "11"]
[EventCountry "CRO"]
[Source "lmi"]
[SourceDate "2010.03.06"]

1. e4 c6 2. d4 d5 3. e5 c5 4. c4 cxd4 5. Nf3 Bg4 6. cxd5 Qxd5 7. Nc3 Qd7 8. Bb5
Nc6 9. Qxd4 Nxd4 10. Bxd7+ Bxd7 11. Nxd4 Rc8 12. Be3 g6 13. h3 Bg7 14. f4 f6
15. e6 Bc6 16. Rc1 f5 17. Ncb5 Nf6 18. Nxa7 Ra8 19. Ndxc6 bxc6 20. Bd4 O-O 21.
Nxc6 Nd5 22. Bxg7 Kxg7 23. O-O Rxa2 24. b4 Rb2 25. Rb1 Rxb1 26. Rxb1 Rc8 27. b5
Nc3 28. Nxe7 Re8 29. Rb3 Ne2+ 30. Kf2 Nd4 31. Rb4 Nxe6 32. Nc6 Nc5 33. Rd4 Ne4+
34. Rxe4 Rxe4 35. b6 Rxf4+ 36. Kg3 Rc4 37. b7 Rc3+ 38. Kf4 Kf6 39. h4 h6 0-1

[Event "11. Europa ch 2010 Femenino"]
[Site "Rijeka CRO"]
[Date "2010.03.10"]
[Round "5.41"]
[White "Motoc, Alina"]
[Black "Jelica, Mara"]
[Result "1-0"]
[WhiteElo "2348"]
[BlackElo "2235"]
[PlyCount "82"]
[EventDate "2010.03.06"]
[EventType "swiss"]
[EventRounds "11"]
[EventCountry "CRO"]
[Source "lmi"]
[SourceDate "2010.03.06"]

1. d4 Nf6 2. c4 g6 3. Nc3 Bg7 4. e4 d6 5. h3 O-O 6. Bg5 Na6 7. Bd3 e5 8. d5 c6
9. Nge2 Qb6 10. O-O Nc5 11. Na4 Nxa4 12. Qxa4 Bd7 13. Qa3 c5 14. g4 h6 15. Bd2
Qd8 16. Ng3 h5 17. f3 Nh7 18. Qb3 Qh4 19. Kg2 b6 20. Rh1 Rab8 21. Raf1 a6 22.
Qc2 Kh8 23. Qc1 Qf6 24. f4 exf4 25. Bxf4 h4 26. Ne2 g5 27. e5 dxe5 28. Be3 Qd6
29. Nc3 f5 30. gxf5 e4 31. Nxe4 Qe5 32. Qc3 Qe8 33. Qd2 Bxf5 34. Nd6 Qe5 35.
Nxf5 Rbe8 36. Rf3 Bf6 37. Nh6 Bd8 38. Rxf8+ Rxf8 39. Qc3 Qxc3 40. bxc3 Bf6 41.
Rf1 Bxc3 1-0

[Event "11. Europa ch 2010 Femenino"]
[Site "Rijeka CRO"]
[Date "2010.03.10"]
[Round "5.42"]
[White "Gromova, Iulia"]
[Black "Kashlinskaya, Alina"]
[Result "1/2-1/2"]
[WhiteElo "2226"]
[BlackElo "2332"]
[PlyCount "81"]
[EventDate "2010.03.06"]
[EventType "swiss"]
[EventRounds "11"]
[EventCountry "CRO"]
[Source "lmi"]
[SourceDate "2010.03.06"]

1. d4 Nf6 2. c4 g6 3. f3 Bg7 4. e4 d6 5. Nc3 O-O 6. Nge2 c5 7. d5 e6 8. Ng3
exd5 9. cxd5 h5 10. Bg5 a6 11. a4 Qc7 12. Qd2 Nh7 13. Bh6 h4 14. Bxg7 Kxg7 15.
Nge2 Nd7 16. Nf4 Ne5 17. Be2 Bd7 18. O-O Rae8 19. Rab1 Qb6 20. Kh1 Qb4 21. Qe1
Bxa4 22. Nxa4 Qxa4 23. Qxh4 Rh8 24. Qg3 Nf6 25. Nd3 Qc2 26. Nxe5 Rxe5 27. Qf2
Nxd5 28. Bxa6 Qxf2 29. Rxf2 bxa6 30. exd5 Rxd5 31. h3 Rb8 32. Ra1 Rb6 33. Ra2
Kf6 34. Kh2 c4 35. Kg3 Rd4 36. h4 d5 37. Rc2 Rd3 38. Kf4 Rd4+ 39. Kg3 Rd3 40.
Kf4 Rdb3 41. Rd2 1/2-1/2

[Event "11. Europa ch 2010 Femenino"]
[Site "Rijeka CRO"]
[Date "2010.03.10"]
[Round "5.43"]
[White "Isgandarova, Khayala"]
[Black "Tsatsalashvili, Ketevan"]
[Result "1/2-1/2"]
[WhiteElo "2224"]
[BlackElo "2326"]
[PlyCount "64"]
[EventDate "2010.03.06"]
[EventType "swiss"]
[EventRounds "11"]
[EventCountry "CRO"]
[Source "lmi"]
[SourceDate "2010.03.06"]

1. e4 c5 2. b3 Nc6 3. Bb2 a6 4. g3 e6 5. Bg2 d5 6. exd5 exd5 7. d4 cxd4 8. Ne2
Bb4+ 9. Nd2 Bg4 10. O-O Nf6 11. Nf3 O-O 12. Nexd4 Bc5 13. Qd2 Rc8 14. Qf4 Qd6
15. Qxd6 Bxd6 16. Nxc6 Rxc6 17. Nd4 Rc7 18. h3 Bd7 19. Rfe1 Rfc8 20. Rad1 Bc5
21. Ne2 Bb4 22. c3 Ba5 23. Nf4 Bxc3 24. Bxc3 Rxc3 25. Nxd5 Nxd5 26. Bxd5 Bc6
27. Bxc6 R3xc6 28. Rd7 b5 29. Ree7 Rf6 30. Rc7 Rd8 31. Red7 Re8 32. Re7 Rd8
1/2-1/2

[Event "11. Europa ch 2010 Femenino"]
[Site "Rijeka CRO"]
[Date "2010.03.10"]
[Round "5.46"]
[White "Bogumil, Tatiana"]
[Black "Zakurdjaeva, Irina"]
[Result "0-1"]
[WhiteElo "2201"]
[BlackElo "2313"]
[PlyCount "48"]
[EventDate "2010.03.06"]
[EventType "swiss"]
[EventRounds "11"]
[EventCountry "CRO"]
[Source "lmi"]
[SourceDate "2010.03.06"]

1. d4 Nf6 2. e3 c5 3. c3 e6 4. Bd3 d5 5. Nd2 Nc6 6. f4 Bd6 7. Qf3 Bd7 8. Ne2
cxd4 9. exd4 Rb8 10. b4 Ne7 11. a4 Qc7 12. O-O O-O 13. Nb3 b6 14. a5 Bc6 15. b5
Bb7 16. a6 Ba8 17. Nd2 Nc8 18. g4 Ne7 19. g5 Ne4 20. Nxe4 dxe4 21. Bxe4 Bxe4
22. Qxe4 Qc4 23. Qc2 Qxb5 24. f5 exf5 0-1

[Event "11. Europa ch 2010 Femenino"]
[Site "Rijeka CRO"]
[Date "2010.03.10"]
[Round "5.47"]
[White "Mammadova, Gulnar"]
[Black "Makropoulou, Marina"]
[Result "1/2-1/2"]
[WhiteElo "2299"]
[BlackElo "2225"]
[PlyCount "65"]
[EventDate "2010.03.06"]
[EventType "swiss"]
[EventRounds "11"]
[EventCountry "CRO"]
[Source "lmi"]
[SourceDate "2010.03.06"]

1. c4 e5 2. Nc3 Nc6 3. g3 g6 4. Bg2 Bg7 5. d3 d6 6. e4 Nge7 7. f4 Nd4 8. h3 O-O
9. Nf3 Nxf3+ 10. Qxf3 Nc6 11. O-O Nd4 12. Qf2 f5 13. Be3 c6 14. Rae1 Bd7 15.
Kh2 Qc7 16. Qd2 Rae8 17. fxe5 dxe5 18. exf5 gxf5 19. Kh1 Qd6 20. Ne2 Nxe2 21.
Rxe2 f4 22. gxf4 exf4 23. Bg1 Rxe2 24. Qxe2 Qh6 25. Qf3 Bxb2 26. d4 Qg7 27. Qe4
Bf5 28. Qxf4 Bd3 29. Qxf8+ Qxf8 30. Rxf8+ Kxf8 31. d5 Bxc4 32. dxc6 bxc6 33.
Bxa7 1/2-1/2

[Event "11. Europa ch 2010 Femenino"]
[Site "Rijeka CRO"]
[Date "2010.03.10"]
[Round "5.48"]
[White "Aginian, Nelly"]
[Black "Schut, Lisa"]
[Result "0-1"]
[WhiteElo "2296"]
[BlackElo "2224"]
[PlyCount "152"]
[EventDate "2010.03.06"]
[EventType "swiss"]
[EventRounds "11"]
[EventCountry "CRO"]
[Source "lmi"]
[SourceDate "2010.03.06"]

1. e4 c5 2. Nf3 d6 3. d4 cxd4 4. Nxd4 Nf6 5. Nc3 a6 6. Be3 e5 7. Nf3 Be7 8. Bc4
O-O 9. O-O Nc6 10. Re1 Be6 11. Nd5 Bxd5 12. exd5 b5 13. Bf1 Nb4 14. c4 bxc4 15.
Bxc4 Qa5 16. Bd2 Qc5 17. Rc1 Nbxd5 18. Bg5 Qa5 19. a3 Nb6 20. Bd2 Qa4 21. Bb3
Qg4 22. Ba5 Nbd7 23. h3 Qh5 24. Bb4 Rab8 25. Re3 Rfc8 26. Rxc8+ Rxc8 27. Bxd6
Bxd6 28. Qxd6 Rc1+ 29. Ne1 h6 30. Qxa6 Nc5 31. Qc8+ Kh7 32. Bc2+ e4 33. g4 Qd5
34. Kh2 Qe5+ 35. Kg2 Ne6 36. Bxe4+ Qxe4+ 37. Rxe4 Rxc8 38. Rb4 Nd5 39. Rb7
Ndf4+ 40. Kh2 f6 41. a4 Rc1 42. Nf3 Rc2 43. Kg3 Nd3 44. a5 Rxb2 45. a6 Ra2 46.
a7 Ndc5 47. Re7 Ne4+ 48. Kh2 N6g5 49. Nxg5+ Nxg5 50. Kg2 Ra4 51. h4 Rxg4+ 52.
Kf1 Ra4 53. hxg5 hxg5 54. Kg2 Ra3 55. Rb7 Kh6 56. Rf7 Kg6 57. Rb7 f5 58. Rb6+
Kh5 59. Rb7 Kh6 60. Rb6+ Kh5 61. Rb7 Kh6 62. Rb6+ g6 63. Rb7 g4 64. Re7 Kh5 65.
Rh7+ Kg5 66. Rb7 Ra2 67. Rg7 f4 68. Kg1 Kf5 69. Rf7+ Ke4 70. Kg2 g3 71. a8=Q+
Rxa8 72. Re7+ Kf5 73. Re1 Kg4 74. f3+ Kg5 75. Re7 Ra2+ 76. Kg1 Rf2 0-1

[Event "11. Europa ch 2010 Femenino"]
[Site "Rijeka CRO"]
[Date "2010.03.10"]
[Round "5.52"]
[White "Kachiani Gersinska, Ketino"]
[Black "Coimbra, Margarida"]
[Result "1-0"]
[WhiteElo "2346"]
[BlackElo "2123"]
[PlyCount "121"]
[EventDate "2010.03.06"]
[EventType "swiss"]
[EventRounds "11"]
[EventCountry "CRO"]
[Source "lmi"]
[SourceDate "2010.03.06"]

1. d4 d5 2. c4 c6 3. Nf3 Nf6 4. e3 g6 5. Nc3 Bg7 6. Be2 O-O 7. O-O Bg4 8. Qb3
Qb6 9. h3 Bxf3 10. Bxf3 Qxb3 11. axb3 e6 12. Rd1 Rd8 13. Bd2 Nbd7 14. Be1 Nb6
15. Be2 Nc8 16. f3 Nd6 17. Bf2 a6 18. g4 h6 19. Bg3 Bf8 20. Bh4 g5 21. Bg3 Rac8
22. c5 Nde8 23. b4 Nc7 24. h4 Bg7 25. Kg2 Nd7 26. hxg5 hxg5 27. Bd3 e5 28. Bf5
exd4 29. exd4 Ne6 30. Ne2 Re8 31. f4 Rcd8 32. fxg5 Nxg5 33. Nf4 Ne4 34. Bh4 Bf6
35. Rh1 Bxh4 36. Rxh4 Ndf6 37. Nd3 Kg7 38. Rah1 Ng5 39. Ne5 Nfe4 40. Rh5 f6 41.
Nf3 Rb8 42. Bxe4 Nxe4 43. Rh7+ Kg8 44. Rh8+ Kf7 45. R1h7+ Ke6 46. Rxe8+ Rxe8
47. Rxb7 Rg8 48. Nh2 Rc8 49. Rb6 Kd7 50. Rxa6 Rb8 51. Ra4 Nd2 52. Nf3 Nc4 53.
b3 Nb2 54. Ra7+ Kd8 55. g5 fxg5 56. Ne5 Ke8 57. Nxc6 Rb5 58. Ra8+ Kd7 59. Ne5+
Kc7 60. c6 Rxb4 61. Nf7 1-0

[Event "11. Europa ch 2010 Femenino"]
[Site "Rijeka CRO"]
[Date "2010.03.10"]
[Round "5.53"]
[White "Shaidullina, Sandugach"]
[Black "Girya, Olga"]
[Result "0-1"]
[WhiteElo "2218"]
[BlackElo "2362"]
[PlyCount "74"]
[EventDate "2010.03.06"]
[EventType "swiss"]
[EventRounds "11"]
[EventCountry "CRO"]
[Source "lmi"]
[SourceDate "2010.03.06"]

1. d4 Nf6 2. c4 g6 3. Nf3 Bg7 4. g3 O-O 5. Bg2 c6 6. O-O d5 7. cxd5 cxd5 8. Ne5
Nc6 9. Nc3 Bf5 10. Qa4 Bd7 11. Nxd7 Qxd7 12. Be3 e6 13. h3 Ne8 14. b3 Nd6 15.
g4 a6 16. Qa3 Nxd4 17. Bxd4 Bxd4 18. Na4 Nb5 19. Qb4 Bxa1 20. Rxa1 Qd6 21. Qd2
Rac8 22. Rd1 Rfd8 23. h4 Qc7 24. Qg5 Kg7 25. h5 h6 26. Qd2 Qc2 27. Qe1 Nc3 28.
Nxc3 Qxc3 29. Rd2 gxh5 30. gxh5 Kh8 31. e4 Rg8 32. f3 dxe4 33. fxe4 Rcd8 34.
Re2 Qxe1+ 35. Rxe1 Rd2 36. e5 Rdxg2+ 37. Kf1 Rg1+ 0-1